000 00606cam a2200217 4500500
005 20260405003826.0
041 _afre
042 _adc
100 1 0 _aMoreau, Anne-Sophie
_eauthor
245 0 0 _aGamètes over ?
260 _c2024.
500 _a25
690 _aAnne-Sophie Moreau
690 _aAristote
690 _aFertilité
690 _aHomme
690 _aMasculin
690 _aSperme
786 0 _nPhilosophie magazine | 177 | 3 | 2024-03-01 | p. 17-17 | 1951-1787
856 4 1 _uhttps://shs.cairn.info/magazine-philosophie-magazine-2024-3-page-17?lang=fr&redirect-ssocas=7080
999 _c2071199
_d2071199